Welcome to the Holygrace Academy Library

Please use search bar below to get started

SCIENCE ACTIVITY BANK (Record no. 1143)

MARC details
000 -LEADER
fixed length control field 00294nam a22001337a 4500
020 ## - INTERNATIONAL STANDARD BOOK NUMBER
ISBN 978-81-264-5236-1
082 ## - DEWEY DECIMAL CLASSIFICATION NUMBER
Classification number 894.812
Item number SIV/S
100 ## - MAIN ENTRY--AUTHOR NAME
Personal name PROF.S.SHIVADAS
245 ## - TITLE STATEMENT
Title SCIENCE ACTIVITY BANK
260 ## - PUBLICATION, DISTRIBUTION, ETC. (IMPRINT)
Place of publication TRICHUR
Name of publisher DC BOOKS
300 ## - PHYSICAL DESCRIPTION
Number of Pages 326
650 ## - SUBJECT ADDED ENTRY--TOPICAL TERM
Topical Term REFERNCE
Geographic subdivision KERALA
942 ## - ADDED ENTRY ELEMENTS (KOHA)
Koha item type Books
Holdings
Withdrawn status Lost status Collection code Home library Current library Shelving location Date acquired Source of acquisition Cost, normal purchase price Full call number Accession Number Koha item type
    Reference Main Library Main Library SHELF-6E-- MALAYALAM PSYCHOLOGICAL &MOTIVATIONAL BOOKS 08/11/2016 purchase 295.00 894.812 SIV/S 09885 Books